Economic independence for women: the foundation for equal rights (Record no. 376842)

000 -LEADER
fixed length control field 00428cam a22001337a 4500
008 - FIXED-LENGTH DATA ELEMENTS--GENERAL INFORMATION
fixed length control field 180718b1976 xxu||||| |||| 00| 0 eng d
082 ## - DEWEY DECIMAL CLASSIFICATION NUMBER
Classification number B142 C366
245 ## - TITLE STATEMENT
Title Economic independence for women: the foundation for equal rights
Statement of responsibility, etc. edited by Jane Roberts Chapman
260 ## - PUBLICATION, DISTRIBUTION, ETC.
Place of publication, distribution, etc. London
Name of publisher, distributor, etc. Sage
Date of publication, distribution, etc. 1976
300 ## - PHYSICAL DESCRIPTION
Extent 285p.
500 ## - GENERAL NOTE
General note V 1: Sage yearbook in women's policy studies
650 ## - SUBJECT ADDED ENTRY--TOPICAL TERM
Topical term or geographic name entry element Women.
700 ## - ADDED ENTRY--PERSONAL NAME
Personal name Chapman, Jane Roberts.
Holdings
Withdrawn status Lost status Damaged status Not for loan Permanent Location Current Location Date acquired Full call number Barcode Date last seen Price effective from Koha item type
        Indian Institute of Public Administration Indian Institute of Public Administration 1994-12-04 B142 C366 51592 2018-07-21 2018-07-21 Book

Powered by Koha